000 00595nam a2200229Ia 4500
003 OSt
005 20230427151124.0
008 210423s2011 xx 000 0 und d
020 _a9780074620250
040 _cAL
041 _aeng
082 _a543.0858 BANC
_223
100 _aBANWELL (Colin N).
_994244
245 _aFundamentals of molecular spectroscopy.
250 _a4
260 _aNew Delhi
_bTata McGraw-hill
_c2011
300 _axii,308p
_bPB
365 _b275
_cINR
650 _aSpectroscopy
_994245
906 _aFundamentals ; molecular ; spectroscopy.
942 _2ddc
_cBK
999 _c161825
_d161825